[Event "Mittelfranken-chTB2b 1920"]
[Site "Mittelfranken"]
[Date "2020.02.02"]
[Round "5.1"]
[White "Herbst, Thomas"]
[Black "Lang, Stefan"]
[Result "1/2-1/2"]
[WhiteElo "1810"]
[BlackElo "2151"]
[PlyCount "42"]
[EventDate "2019.10.13"]
[EventType "team-tourn"]
[EventRounds "9"]
[EventCountry "GER"]
[SourceTitle "EXT 2023"]
[Source "ChessBase"]
[SourceDate "2022.10.05"]
[SourceVersion "1"]
[SourceVersionDate "2022.10.05"]
[SourceQuality "1"]
[WhiteTeam "Nuernberg SK 1911 II"]
[BlackTeam "Forchheim II"]
[WhiteTeamCountry "GER"]
[BlackTeamCountry "GER"]

1. c4 h6 2. g3 g5 3. Bg2 Bg7 4. d4 c5 5. d5 d6 6. Nf3 Bg4 7. h4 gxh4 8. Rxh4 Nf6 9. Nc3 Nbd7 10. Bd2 Nf8 11. Rh1 Ng6 12. Qc2 a6 13. a4 h5 14. Rd1 Bxf3 15. exf3 h4 16. Bg5 hxg3 17. Rxh8+ Bxh8 18. fxg3 Qd7 19. Kf2 0-0-0 20. Rh1 Kb8 21. Bh3 Qe8 1/2-1/2

[Event "Mittelfranken-chTB2b 1920"]
[Site "Mittelfranken"]
[Date "2020.01.12"]
[Round "4.1"]
[White "Johanni, Harald"]
[Black "Lang, Stefan"]
[Result "0-1"]
[WhiteElo "1874"]
[BlackElo "2151"]
[PlyCount "48"]
[EventDate "2019.10.13"]
[EventType "team-tourn"]
[EventRounds "9"]
[EventCountry "GER"]
[SourceTitle "EXT 2023"]
[Source "ChessBase"]
[SourceDate "2022.10.05"]
[SourceVersion "1"]
[SourceVersionDate "2022.10.05"]
[SourceQuality "1"]
[WhiteTeam "Nuernberg Anderssen"]
[BlackTeam "Forchheim II"]
[WhiteTeamCountry "GER"]
[BlackTeamCountry "GER"]

1. e4 c5 2. Nf3 e6 3. c4 Nc6 4. d4 cxd4 5. Nxd4 Nf6 6. Nc3 Qc7 7. Ndb5 Qb8 8. a3 a6 9. Nd4 Qc7 10. b4 Nxd4 11. Qxd4 Bd6 12. Bb2 0-0 13. Na4 e5 14. Qe3 Qc6 15. Nb6 Ng4 16. Qe2 Qxb6 17. Qxg4 Bxb4+ 18. Kd1 d6 19. Qe2 Bc5 20. f3 f5 21. exf5 Bxf5 22. Qd2 Kh8 23. Bc1 Qb3+ 24. Ke1 Bd4 0-1

[Event "Regionalliga NO 0809"]
[Site "Bayern"]
[Date "2009.01.18"]
[Round "5.2"]
[White "Lang, Stefan"]
[Black "Blodig, Reinhard"]
[Result "1-0"]
[WhiteElo "2182"]
[BlackElo "2067"]
[PlyCount "117"]
[EventDate "2008.10.05"]
[EventType "team-tourn"]
[EventRounds "9"]
[EventCountry "GER"]
[SourceTitle "EXT 2020"]
[Source "ChessBase"]
[SourceDate "2019.10.17"]
[SourceVersion "1"]
[SourceVersionDate "2019.10.17"]
[SourceQuality "1"]
[WhiteTeam "Forchheim II"]
[BlackTeam "Dietfurt"]
[WhiteTeamCountry "GER"]
[BlackTeamCountry "GER"]

1. Nf3 g6 2. e4 d6 3. Bc4 Nf6 4. Qe2 Bg7 5. d4 d5 6. exd5 Nxd5 7. 0-0 0-0 8. Re1 Nc6 9. c3 Re8 10. Ng5 e6 11. Qf3 Rf8 12. Ne4 b6 13. Na3 a6 14. Bd2 Bb7 15. Qh3 Nce7 16. Rad1 Bc8 17. Qf3 Ra7 18. Bb3 b5 19. Bg5 c6 20. Bxd5 Qxd5 21. Bxe7 Rxe7 22. Nf6+ Bxf6 23. Qxf6 Qd8 24. Nc2 Ra7 25. Qf4 Qc7 26. Qe3 a5 27. Na1 Rd8 28. Nb3 Qd6 29. Nc5 Qe7 30. Qf3 Rd5 31. Re3 Rc7 32. g3 Kg7 33. Rde1 Qf6 34. Qe2 Qd8 35. h4 h6 36. Re5 Re7 37. Qf3 Ra7 38. Nd3 b4 39. Nf4 Rd6 40. Qe3 bxc3 41. bxc3 Rb7 42. Rc5 Rb5 43. Rxb5 cxb5 44. Qe5+ Kg8 45. Qxb5 Bd7 46. Qe5 Bc6 47. c4 Bb7 48. d5 exd5 49. cxd5 g5 50. hxg5 hxg5 51. Nh5 Rg6 52. Rd1 Kh7 53. g4 Qd6 54. Qe4 Kg8 55. Qd4 Bc8 56. Re1 Bd7 57. Rb1 Bc6 58. Rb6 Qxd5 59. Rb8+ 1-0

[Event "Oberliga Bayern 0708"]
[Site "Bayern"]
[Date "2008.04.20"]
[Round "9.5"]
[White "Lang, Stefan"]
[Black "Panteleev, Petar"]
[Result "1/2-1/2"]
[WhiteElo "2182"]
[BlackElo "2232"]
[PlyCount "76"]
[EventDate "2007.10.21"]
[EventType "team-tourn"]
[EventRounds "9"]
[EventCountry "GER"]
[SourceTitle "EXT 2009"]
[Source "ChessBase"]
[SourceDate "2008.11.26"]
[SourceVersion "1"]
[SourceVersionDate "2008.11.26"]
[SourceQuality "1"]
[WhiteTeam "Forchheim"]
[BlackTeam "Muenchen Tarrasch"]
[WhiteTeamCountry "GER"]
[BlackTeamCountry "GER"]

1. e4 e5 2. Nf3 Nc6 3. Bc4 Bc5 4. b4 Bxb4 5. c3 Be7 6. d4 Na5 7. Nxe5 Nxc4 8. Nxc4 d5 9. exd5 Qxd5 10. Ne3 Qd8 11. 0-0 Nf6 12. c4 0-0 13. Bb2 c6 14. Nc3 Re8 15. Rb1 Bb4 16. d5 Bc5 17. Qd3 Qd6 18. Rbe1 Bd7 19. Ne2 cxd5 20. Bxf6 Qxf6 21. Nxd5 Qe5 22. Qd2 Rad8 23. Ng3 Qd4 24. Rxe8+ Rxe8 25. Qc2 Bc6 26. Rd1 Qe5 27. Qd3 g6 28. Kf1 Qb2 29. Qf3 Kg7 30. h4 h5 31. Kg1 Qe5 32. Rd2 Qe1+ 33. Nf1 Re6 34. Qc3+ Qe5 35. Qf3 Qe4 36. Qc3+ Qe5 37. Qf3 Qe4 38. Qc3+ Qe5 1/2-1/2

[Event "Oberliga Bayern 0708"]
[Site "Bayern"]
[Date "2008.03.09"]
[Round "7.5"]
[White "Lang, Stefan"]
[Black "Pauli, Alexander"]
[Result "0-1"]
[WhiteElo "2222"]
[BlackElo "2146"]
[PlyCount "40"]
[EventDate "2007.10.21"]
[EventType "team-tourn"]
[EventRounds "9"]
[EventCountry "GER"]
[SourceTitle "EXT 2009"]
[Source "ChessBase"]
[SourceDate "2008.11.26"]
[SourceVersion "1"]
[SourceVersionDate "2008.11.26"]
[SourceQuality "1"]
[WhiteTeam "Forchheim"]
[BlackTeam "Nuernberg NT"]
[WhiteTeamCountry "GER"]
[BlackTeamCountry "GER"]

1. e4 e6 2. d3 g6 3. g3 Bg7 4. Bg2 Ne7 5. h4 d5 6. h5 dxe4 7. Bxe4 Nbc6 8. Nc3 Qd6 9. Nh3 Bd7 10. Ng5 f5 11. hxg6 Bxc3+ 12. bxc3 fxe4 13. g7 Rg8 14. Qh5+ Ng6 15. Qxh7 Nce7 16. Nxe4 Qe5 17. Bg5 0-0-0 18. Bf6 Qf5 19. 0-0-0 Bc6 20. Rh5 Qf3 0-1

[Event "Oberliga Bayern 0708"]
[Site "Bayern"]
[Date "2007.12.09"]
[Round "4.5"]
[White "Sternheimer, Erhard"]
[Black "Lang, Stefan"]
[Result "1/2-1/2"]
[WhiteElo "2179"]
[BlackElo "2285"]
[PlyCount "55"]
[EventDate "2007.10.21"]
[EventType "team-tourn"]
[EventRounds "9"]
[EventCountry "GER"]
[SourceTitle "EXT 2009"]
[Source "ChessBase"]
[SourceDate "2008.11.26"]
[SourceVersion "1"]
[SourceVersionDate "2008.11.26"]
[SourceQuality "1"]
[WhiteTeam "Koenigshofen"]
[BlackTeam "Forchheim"]
[WhiteTeamCountry "GER"]
[BlackTeamCountry "GER"]

1. e4 c5 2. Nf3 Nc6 3. d4 cxd4 4. Nxd4 Nf6 5. Nc3 e5 6. Ndb5 d6 7. a4 a6 8. Na3 Bg4 9. f3 Be6 10. Bc4 Qb6 11. Nd5 Bxd5 12. Bxd5 Be7 13. c3 Rc8 14. Nc4 Qc7 15. Ne3 0-0 16. 0-0 Bd8 17. Nf5 Qd7 18. Be3 Ne7 19. Nxe7+ Qxe7 20. Qb3 Nxd5 21. Qxd5 Rc6 22. Qb3 Ba5 23. Rfd1 Rfc8 24. Rac1 Qc7 25. Rd5 Bb6 26. Bxb6 Qxb6+ 27. Qxb6 Rxb6 28. Rc2 1/2-1/2

[Event "BL2-Ost 0607"]
[Site "Germany"]
[Date "2006.10.15"]
[Round "1.6"]
[White "Hiermann, Dietmar"]
[Black "Lang, Stefan"]
[Result "1-0"]
[WhiteElo "2260"]
[BlackElo "2285"]
[PlyCount "101"]
[EventDate "2006.10.15"]
[EventType "team-tourn"]
[EventRounds "9"]
[EventCountry "GER"]
[SourceTitle "EXT 2008"]
[Source "ChessBase"]
[SourceDate "2007.11.25"]
[SourceVersion "1"]
[SourceVersionDate "2007.11.25"]
[SourceQuality "1"]
[WhiteTeam "Passau"]
[BlackTeam "Forchheim"]
[WhiteTeamCountry "GER"]
[BlackTeamCountry "GER"]

1. e4 c6 2. d4 Na6 3. Nf3 g6 4. Nc3 Nc7 5. Bf4 d6 6. h3 Bg7 7. Qd2 b5 8. Bd3 a6 9. Rd1 Nf6 10. 0-0 0-0 11. Bh6 Bb7 12. Bxg7 Kxg7 13. Qe3 Rb8 14. Ne2 Nd7 15. Ng3 e6 16. c3 Qe7 17. a3 e5 18. Bb1 Rfd8 19. Rfe1 Ne6 20. Ba2 Nf4 21. Ne2 Nxe2+ 22. Rxe2 Nf6 23. Ng5 Rf8 24. b4 h6 25. Nf3 Rfe8 26. c4 bxc4 27. Bxc4 exd4 28. Qxd4 c5 29. bxc5 dxc5 30. Qc3 Bxe4 31. Rde1 Qb7 32. Bxa6 Qxa6 33. Rxe4 Rxe4 34. Rxe4 Rb1+ 35. Re1 Rxe1+ 36. Nxe1 Qd6 37. Nd3 Qd4 38. Qxd4 cxd4 39. a4 Nd5 40. a5 Kf6 41. Kf1 Ke7 42. Ke2 Kd6 43. Kd2 Kc6 44. Ne5+ Kb5 45. g3 h5 46. Kd3 h4 47. Nxf7 hxg3 48. fxg3 Ne3 49. g4 Nd1 50. Kxd4 Nf2 51. Ng5 1-0

[Event "Landesliga Nord 0506"]
[Site "Bayern"]
[Date "2006.02.19"]
[Round "7.1"]
[White "Lang, Stefan"]
[Black "Kraeussling, Andreas"]
[Result "1-0"]
[WhiteElo "2223"]
[BlackElo "2127"]
[PlyCount "39"]
[EventDate "2005.10.23"]
[EventType "team"]
[EventRounds "9"]
[EventCountry "GER"]
[SourceTitle "EXT 2007"]
[Source "ChessBase"]
[SourceDate "2006.11.23"]
[SourceVersion "1"]
[SourceVersionDate "2006.11.23"]
[SourceQuality "1"]

1. e4 c5 2. Na3 Nc6 3. Bb5 Nd4 4. Ba4 g6 5. c3 Nc6 6. Nf3 Bg7 7. 0-0 e5 8. Nc4 Qe7 9. d4 exd4 10. e5 dxc3 11. bxc3 h6 12. Qd5 Qe6 13. Nd6+ Kf8 14. Qxc5 b6 15. Qa3 Qe7 16. Bb3 Nd8 17. Bd5 Nc6 18. Nxf7 Rh7 19. Nh4 Qxa3 20. Bxa3+ 1-0

[Event "Oberliga Bayern 0405"]
[Site "Bayern"]
[Date "2005.01.30"]
[Round "6.3"]
[White "Seibold, Hubert"]
[Black "Lang, Stefan"]
[Result "0-1"]
[WhiteElo "2214"]
[BlackElo "2188"]
[PlyCount "124"]
[EventDate "2004.10.24"]
[EventType "team-tourn"]
[EventRounds "9"]
[EventCountry "GER"]
[SourceTitle "EXT 2020"]
[Source "ChessBase"]
[SourceDate "2019.10.17"]
[SourceVersion "1"]
[SourceVersionDate "2019.10.17"]
[SourceQuality "1"]
[WhiteTeam "Zirndorf"]
[BlackTeam "Forchheim SC II"]
[WhiteTeamCountry "GER"]
[BlackTeamCountry "GER"]

1. Nf3 c5 2. c4 e6 3. g3 b6 4. Bg2 Bb7 5. Nc3 Nf6 6. 0-0 Be7 7. a3 0-0 8. Rb1 d6 9. d3 Nbd7 10. b4 Rc8 11. Qa4 a6 12. bxc5 Nxc5 13. Qb4 Nfd7 14. d4 Ne4 15. Na4 Bc6 16. Nb2 d5 17. Qe1 Bxa3 18. Ra1 Qe7 19. c5 Bxb2 20. Bxb2 bxc5 21. Rxa6 Bb5 22. Ra5 Rb8 23. Ba3 Rfc8 24. dxc5 Nexc5 25. Nd4 Bc4 26. Ra7 Qf6 27. Qd2 e5 28. Nc2 Qb6 29. Bxc5 Nxc5 30. Ra3 d4 31. f4 Nb3 32. Rxb3 Bxb3 33. Ne1 Re8 34. Nd3 exf4 35. Rxf4 Bc4 36. h4 Re3 37. Kh2 Qe6 38. Bf3 Bxd3 39. Rxd4 Re8 40. Rxd3 Rxd3 41. exd3 Qf6 42. Bg2 Qd4 43. Qc2 g6 44. Qc4 Qf2 45. Kh3 Re3 46. Qc7 Qf5+ 47. Kh2 Rxd3 48. Qb8+ Kg7 49. Qc7 h5 50. Qb8 Re3 51. Qb2+ Qe5 52. Qf2 Re2 53. Qf3 Qb2 54. Qd5 Rxg2+ 55. Qxg2 Qxg2+ 56. Kxg2 Kf6 57. Kf2 Kf5 58. Kf3 f6 59. Ke3 Kg4 60. Kf2 f5 61. Kg2 f4 62. gxf4 Kxf4 0-1

[Event "Oberliga Bayern 0405"]
[Site "Bayern"]
[Date "2005.01.16"]
[Round "5.2"]
[White "Neuman, Petr"]
[Black "Lang, Stefan"]
[Result "1/2-1/2"]
[WhiteElo "2425"]
[BlackElo "2188"]
[PlyCount "82"]
[EventDate "2004.10.24"]
[EventType "team-tourn"]
[EventRounds "9"]
[EventCountry "GER"]
[SourceTitle "EXT 2020"]
[Source "ChessBase"]
[SourceDate "2019.10.17"]
[SourceVersion "1"]
[SourceVersionDate "2019.10.17"]
[SourceQuality "1"]
[WhiteTeam "Koetzting"]
[BlackTeam "Forchheim SC II"]
[WhiteTeamCountry "GER"]
[BlackTeamCountry "GER"]

1. f4 d5 2. Nf3 c6 3. g3 Nf6 4. Bg2 Qb6 5. b3 Bg4 6. Bb2 Bxf3 7. Bxf3 Nbd7 8. e3 e6 9. Qe2 Bd6 10. g4 0-0-0 11. d4 h6 12. Nd2 g5 13. fxg5 hxg5 14. 0-0-0 Qa5 15. Kb1 Bb4 16. Bc1 e5 17. h3 Rde8 18. Qf2 Bc3 19. Bg2 Re6 20. Bb2 exd4 21. exd4 Rhe8 22. Bf3 Re3 23. Nf1 R3e6 24. Ng3 Nb6 25. Bxc3 Qxc3 26. Rd3 Qb4 27. c3 Qd6 28. Nf5 Qf4 29. Rf1 Nbd7 30. Qg2 Re1+ 31. Rd1 Rxd1+ 32. Rxd1 Nf8 33. Rf1 Ng6 34. Bxd5 Nxd5 35. Rxf4 Ngxf4 36. Qf3 Re1+ 37. Kc2 Re2+ 38. Kd1 Rxa2 39. c4 Ra1+ 40. Kd2 Ra2+ 41. Kd1 Ra1+ 1/2-1/2

[Event "Oberliga Bayern 0405"]
[Site "Bayern"]
[Date "2004.10.24"]
[Round "1.2"]
[White "Geisler, Fabian"]
[Black "Lang, Stefan"]
[Result "1-0"]
[WhiteElo "2257"]
[BlackElo "2188"]
[PlyCount "59"]
[EventDate "2004.10.24"]
[EventType "team-tourn"]
[EventRounds "9"]
[EventCountry "GER"]
[SourceTitle "EXT 2020"]
[Source "ChessBase"]
[SourceDate "2019.10.17"]
[SourceVersion "1"]
[SourceVersionDate "2019.10.17"]
[SourceQuality "1"]
[WhiteTeam "Pang/Rosenheim"]
[BlackTeam "Forchheim SC II"]
[WhiteTeamCountry "GER"]
[BlackTeamCountry "GER"]

1. e4 c6 2. d4 Na6 3. c3 Nc7 4. Bd3 g6 5. f4 Bg7 6. Nd2 d6 7. Ndf3 Nf6 8. Ne2 Bg4 9. 0-0 0-0 10. Qe1 Nd7 11. Qg3 Bxf3 12. Qxf3 c5 13. Be3 b6 14. Rad1 e6 15. Bb1 Qe7 16. Bf2 f5 17. exf5 gxf5 18. Rfe1 d5 19. Ng3 Qd6 20. Nh5 Rf7 21. Nxg7 Rxg7 22. dxc5 bxc5 23. b4 cxb4 24. cxb4 Qxb4 25. Bd4 Rg6 26. a3 Qd6 27. Rc1 Nb5 28. Bb2 Qb6+ 29. Kh1 Rb8 30. Bxf5 1-0

[Event "Mittelfranken-ch HT 53rd"]
[Site "Lauf"]
[Date "2004.04.08"]
[Round "5"]
[White "Lang, Stefan"]
[Black "Rausch, Wolfgang"]
[Result "1-0"]
[WhiteElo "2196"]
[BlackElo "2108"]
[PlyCount "55"]
[EventDate "2004.04.06"]
[EventType "swiss"]
[EventRounds "9"]
[EventCountry "GER"]
[SourceTitle "EXT 2011"]
[Source "ChessBase"]
[SourceDate "2010.11.26"]
[SourceVersion "1"]
[SourceVersionDate "2010.11.26"]
[SourceQuality "1"]

1. Nf3 d5 2. g3 Nf6 3. c4 d4 4. Bg2 c5 5. b4 cxb4 6. a3 e6 7. 0-0 Nc6 8. d3 bxa3 9. Nbd2 Be7 10. Bxa3 0-0 11. Qb3 Bxa3 12. Qxa3 Qc7 13. Rfb1 Rd8 14. Ng5 Ne8 15. Nge4 Rb8 16. Nc5 h6 17. Bxc6 Qxc6 18. Qxa7 e5 19. Qxb8 Qxc5 20. Rb5 Qc6 21. Qxe5 Bh3 22. Qe4 Qf6 23. Qf3 Qe6 24. Qe4 Qf6 25. Qe5 Qc6 26. Nf3 Nf6 27. Rc5 Qb6 28. Qc7 1-0

[Event "Forchheim op-A"]
[Site "Forchheim"]
[Date "2003.10.03"]
[Round "2"]
[White "Lang, Stefan"]
[Black "Teske, Henrik"]
[Result "0-1"]
[WhiteElo "2269"]
[BlackElo "2518"]
[PlyCount "60"]
[EventDate "2003.10.03"]
[EventType "swiss"]
[EventRounds "5"]
[EventCountry "GER"]
[SourceTitle "CBM 096 Extra"]
[Source "ChessBase"]
[SourceDate "2003.10.22"]
[SourceVersion "2"]
[SourceVersionDate "2003.10.20"]
[SourceQuality "1"]

1. Nf3 d5 2. c4 d4 3. b4 f6 4. Bb2 e5 5. Qb3 c5 6. bxc5 Na6 7. d3 Nxc5 8. Qc2 Ne7 9. g3 Nc6 10. Nbd2 Bf5 11. Nh4 Bd7 12. Bg2 Nb4 13. Qb1 Ba4 14. Nb3 Nxb3 15. axb3 Bxb3 16. 0-0 a5 17. Ba3 a4 18. Rc1 Qa5 19. Nf3 Nc6 20. Qb2 Bb4 21. Bxb4 Qxb4 22. Nd2 Na5 23. c5 Ke7 24. Nc4 Nxc4 25. Rxc4 Qb5 26. c6 a3 27. Qc1 Bxc4 28. cxb7 Ra4 29. Rb1 Qxb1 30. Qxb1 a2 0-1

[Event "Forchheim Elo op"]
[Site "Forchheim"]
[Date "2002.09.22"]
[Round "3"]
[White "Lang, Stefan"]
[Black "Bock, Andreas"]
[Result "1-0"]
[WhiteElo "2225"]
[BlackElo "2154"]
[PlyCount "39"]
[EventDate "2002.09.20"]
[EventType "swiss"]
[EventRounds "5"]
[EventCountry "GER"]
[SourceTitle "CBM 090 Extra"]
[Source "ChessBase"]
[SourceDate "2002.11.07"]
[SourceVersion "1"]
[SourceVersionDate "2002.11.07"]
[SourceQuality "1"]

1. Nf3 f5 2. d3 Nf6 3. e4 fxe4 4. dxe4 Nxe4 5. Bd3 d5 6. Bxe4 dxe4 7. Qxd8+ Kxd8 8. Ng5 Ke8 9. Bf4 c6 10. Nxe4 Bf5 11. Nbd2 Nd7 12. 0-0-0 h6 13. Rhe1 Kf7 14. h4 g6 15. Ng3 Be6 16. Nde4 Bg7 17. h5 Ne5 18. Nc5 b6 19. Nxe6 Kxe6 20. Bxe5 1-0

[Event "Landesliga Nord 0102"]
[Site "Bayern"]
[Date "2002.04.28"]
[Round "9.2"]
[White "Lang, Stefan"]
[Black "Assmann, Thomas"]
[Result "0-1"]
[WhiteElo "2170"]
[BlackElo "2345"]
[PlyCount "71"]
[EventDate "2001.10.07"]
[EventType "team"]
[EventRounds "9"]
[EventCountry "GER"]
[SourceTitle "EXT 2003"]
[Source "ChessBase"]
[SourceDate "2002.11.25"]
[SourceVersion "1"]
[SourceVersionDate "2002.11.25"]
[SourceQuality "1"]
[WhiteTeam "Forchheim II"]
[BlackTeam "Sailauf"]
[WhiteTeamCountry "GER"]
[BlackTeamCountry "GER"]

1. Nf3 Nf6 2. g3 d5 3. Bg2 c6 4. b3 Bg4 5. Bb2 Nbd7 6. 0-0 e6 7. c4 Bd6 8. d4 0-0 9. Ne5 Bf5 10. Nd2 Qc7 11. Ndf3 h6 12. Rc1 Rfe8 13. h3 Rad8 14. Qd2 Ne4 15. Qe3 Nf8 16. Nd3 Qe7 17. Nd2 Nxd2 18. Qxd2 Nd7 19. Qe3 Nf6 20. Ne5 Be4 21. f3 Bh7 22. c5 Bc7 23. b4 Nd7 24. a4 f6 25. Nxd7 Qxd7 26. f4 a5 27. bxa5 Ra8 28. g4 Bxa5 29. g5 hxg5 30. fxg5 fxg5 31. Qxg5 Qe7 32. Qe3 Bc7 33. Rf2 Rxa4 34. Rcf1 Bg6 35. Bc1 Qh4 36. Qg5 0-1

[Event "Landesliga Nord 0102"]
[Site "Bayern"]
[Date "2002.02.03"]
[Round "5.4"]
[White "Seeger, Werner"]
[Black "Lang, Stefan"]
[Result "0-1"]
[WhiteElo "2125"]
[BlackElo "2170"]
[PlyCount "128"]
[EventDate "2001.10.07"]
[EventType "team"]
[EventRounds "9"]
[EventCountry "GER"]
[SourceTitle "EXT 2003"]
[Source "ChessBase"]
[SourceDate "2002.11.25"]
[SourceVersion "1"]
[SourceVersionDate "2002.11.25"]
[SourceQuality "1"]
[WhiteTeam "Burgsinn"]
[BlackTeam "Forchheim II"]
[WhiteTeamCountry "GER"]
[BlackTeamCountry "GER"]

1. d4 c5 2. d5 Nf6 3. Nc3 g6 4. Nf3 d6 5. e4 Bg7 6. Be2 0-0 7. 0-0 Ne8 8. Nd2 Nc7 9. a4 Nd7 10. Nc4 b6 11. Bg5 Ba6 12. Qd2 Bxc4 13. Bxc4 a6 14. Bh6 Rb8 15. Bxg7 Kxg7 16. Qe2 Qc8 17. Rab1 Qb7 18. b4 cxb4 19. Rxb4 Qa7 20. Qe3 Qa8 21. Rfb1 Rbc8 22. Ne2 b5 23. axb5 axb5 24. Bd3 Nc5 25. Nd4 Qa2 26. R4b2 Qa3 27. g3 e5 28. dxe6 fxe6 29. Nxb5 Nxb5 30. Rxb5 e5 31. Rb6 Rf6 32. Rb8 Rxb8 33. Rxb8 Qa7 34. Rb1 Qf7 35. Be2 Qa2 36. Rd1 Qxc2 37. f3 Nb3 38. Qd3 Qc5+ 39. Kg2 Nd4 40. Qd2 Rf7 41. Rc1 Qa3 42. Rc3 Qa5 43. Rd3 Qa7 44. Bd1 Rb7 45. h4 Rb1 46. Qg5 Rb2+ 47. Rd2 Nxf3 48. Bxf3 h6 49. Rxb2 hxg5 50. hxg5 Qe3 51. Rb7+ Kf8 52. Rd7 Qd3 53. Rd8+ Ke7 54. Rb8 Qd2+ 55. Kh3 Qxg5 56. Rb7+ Kf6 57. Rb1 Qh6+ 58. Kg2 Qd2+ 59. Kg1 d5 60. Rf1 Qe3+ 61. Kg2 dxe4 62. Bxe4+ Kg5 63. Bc6 e4 64. Rf2 Qd3 0-1

[Event "Bad Woerishofen op 18th"]
[Site "Bad Woerishofen"]
[Date "2002.??.??"]
[Round "5"]
[White "Grimm, Sven"]
[Black "Lang, Stefan"]
[Result "1-0"]
[WhiteElo "2174"]
[BlackElo "2210"]
[PlyCount "79"]
[EventDate "2002.03.??"]
[EventType "swiss"]
[EventRounds "9"]
[EventCountry "GER"]
[SourceTitle "EXT 2003"]
[Source "ChessBase"]
[SourceDate "2002.11.25"]
[SourceVersion "1"]
[SourceVersionDate "2002.11.25"]
[SourceQuality "1"]

1. e4 c5 2. Nf3 Nc6 3. b3 e5 4. Bb2 d6 5. Nc3 a6 6. a4 Nh6 7. Bc4 Be7 8. 0-0 Rb8 9. Qe2 Bg4 10. Nd5 0-0 11. c3 Kh8 12. h3 Bxf3 13. Qxf3 f5 14. Rad1 f4 15. d4 cxd4 16. cxd4 Nf7 17. Nxe7 Qxe7 18. Bxf7 Rxf7 19. d5 Nd8 20. Rc1 Rf8 21. Rc3 Nf7 22. Qg4 Ng5 23. f3 g6 24. h4 Nf7 25. Rfc1 Nh6 26. Qh3 Rf7 27. Ba3 Rd8 28. Bb4 Rd7 29. Qe6 Kg7 30. Rc8 Ng8 31. Re8 Qxh4 32. Bxd6 Rxd6 33. Qxd6 Nf6 34. Qxe5 Kh6 35. Qe6 Rg7 36. Rf8 Nh5 37. Qh3 Qe7 38. Rxf4 Qa3 39. Rf1 Qxb3 40. Rh4 1-0

[Event "Bad Woerishofen op 18th"]
[Site "Bad Woerishofen"]
[Date "2002.??.??"]
[Round "4"]
[White "Lang, Stefan"]
[Black "Quinn, John M"]
[Result "1/2-1/2"]
[WhiteElo "2210"]
[BlackElo "2174"]
[PlyCount "39"]
[EventDate "2002.03.??"]
[EventType "swiss"]
[EventRounds "9"]
[EventCountry "GER"]
[SourceTitle "EXT 2003"]
[Source "ChessBase"]
[SourceDate "2002.11.25"]
[SourceVersion "1"]
[SourceVersionDate "2002.11.25"]
[SourceQuality "1"]

1. d4 Nf6 2. Nf3 e6 3. c4 Bb4+ 4. Bd2 Qe7 5. g3 0-0 6. Bg2 Ne4 7. 0-0 Bxd2 8. Nbxd2 Nxd2 9. Qxd2 d6 10. Qc3 Nd7 11. e4 e5 12. d5 Nc5 13. Nd2 f5 14. b4 Nxe4 15. Nxe4 fxe4 16. Bxe4 Bf5 17. Rae1 Bxe4 18. Rxe4 Qf7 19. h4 Qg6 20. Qe3 1/2-1/2

[Event "Landesliga Nord 0102"]
[Site "Bayern"]
[Date "2001.10.07"]
[Round "1.2"]
[White "Deglmann, Ludwig"]
[Black "Lang, Stefan"]
[Result "1/2-1/2"]
[WhiteElo "2230"]
[BlackElo "2170"]
[PlyCount "86"]
[EventDate "2001.10.07"]
[EventType "team"]
[EventRounds "9"]
[EventCountry "GER"]
[SourceTitle "EXT 2003"]
[Source "ChessBase"]
[SourceDate "2002.11.25"]
[SourceVersion "1"]
[SourceVersionDate "2002.11.25"]
[SourceQuality "1"]
[WhiteTeam "Schwabach"]
[BlackTeam "Forchheim II"]
[WhiteTeamCountry "GER"]
[BlackTeamCountry "GER"]

1. d4 Nf6 2. Nf3 c5 3. d5 d6 4. Nc3 e5 5. e4 Be7 6. Bd3 0-0 7. 0-0 Ne8 8. Rb1 Nc7 9. a4 Nba6 10. Nb5 Bg4 11. c3 Qd7 12. b4 Rfc8 13. Be3 Ne8 14. Be2 f5 15. h3 Bxf3 16. Bxf3 Nf6 17. exf5 Qxf5 18. g4 Qg6 19. Bg2 Nd7 20. Na3 cxb4 21. cxb4 Bg5 22. Qd2 Bxe3 23. Qxe3 Nc7 24. Rfd1 Rf8 25. Rbc1 Ne8 26. Be4 Qf7 27. Bf5 Kh8 28. a5 Ndf6 29. Be6 Qg6 30. Rc4 Nh5 31. Rc8 Rxc8 32. Bxc8 Nf4 33. Kh2 Nf6 34. Be6 h5 35. Nb5 hxg4 36. Nxd6 gxh3 37. Rg1 Qh5 38. Qg3 g6 39. Re1 Nxe6 40. dxe6 Ng4+ 41. Kh1 Nxf2+ 42. Kh2 Ng4+ 43. Kh1 Nf2+ 1/2-1/2

[Event "Landesliga Nord 0001"]
[Site "Bayern"]
[Date "2001.04.01"]
[Round "8"]
[White "Loos, Roland"]
[Black "Lang, Stefan"]
[Result "1-0"]
[WhiteElo "2175"]
[BlackElo "2222"]
[PlyCount "47"]
[EventDate "2000.10.15"]
[EventType "team-tourn"]
[EventRounds "9"]
[EventCountry "GER"]
[SourceTitle "EXT 2020"]
[Source "ChessBase"]
[SourceDate "2019.10.17"]
[SourceVersion "1"]
[SourceVersionDate "2019.10.17"]
[SourceQuality "1"]
[WhiteTeam "Neutraubling Wacker"]
[BlackTeam "Forchheim II"]
[WhiteTeamCountry "GER"]
[BlackTeamCountry "GER"]

1. d4 Nf6 2. Nf3 c5 3. e3 e6 4. Bd3 b6 5. 0-0 Bb7 6. c4 Be7 7. Nc3 d6 8. d5 e5 9. a3 Nbd7 10. b4 a6 11. Rb1 0-0 12. Qc2 g6 13. e4 Bc8 14. Na4 Nh5 15. Bh6 Ng7 16. bxc5 bxc5 17. Rb2 Ra7 18. Rfb1 Qe8 19. Nb6 Nxb6 20. Rxb6 Bd8 21. Rxd6 Qe7 22. Rc6 Bb7 23. Rxc5 Bc7 24. Be3 1-0

[Event "Landesliga Nord 0001"]
[Site "Bayern"]
[Date "2001.01.14"]
[Round "4"]
[White "Lang, Stefan"]
[Black "Schoenau, Werner"]
[Result "1/2-1/2"]
[WhiteElo "2222"]
[BlackElo "2145"]
[PlyCount "91"]
[EventDate "2000.10.15"]
[EventType "team-tourn"]
[EventRounds "9"]
[EventCountry "GER"]
[SourceTitle "EXT 2020"]
[Source "ChessBase"]
[SourceDate "2019.10.17"]
[SourceVersion "1"]
[SourceVersionDate "2019.10.17"]
[SourceQuality "1"]
[WhiteTeam "Forchheim II"]
[BlackTeam "Dettingen"]
[WhiteTeamCountry "GER"]
[BlackTeamCountry "GER"]

1. e4 c5 2. Nf3 Nc6 3. d3 g6 4. g3 Bg7 5. Bg2 e6 6. 0-0 Nge7 7. c3 d5 8. Qe2 b6 9. Nbd2 Ba6 10. e5 h6 11. h4 g5 12. h5 Qc7 13. Re1 g4 14. Nh2 Nxe5 15. c4 0-0-0 16. Nxg4 Nxg4 17. Qxg4 Rhg8 18. Qh3 Bd4 19. Nf1 dxc4 20. Bf4 Qd7 21. dxc4 Bxc4 22. Rac1 Bd5 23. b4 Kb7 24. bxc5 Bxc5 25. Bxh6 Nf5 26. Bf4 Bxg2 27. Qxg2+ Qd5 28. Red1 Qxg2+ 29. Kxg2 Nh4+ 30. Kh3 Nf3 31. Nh2 Rxd1 32. Rxd1 Nxh2 33. Rd7+ Kc6 34. Rc7+ Kd5 35. Kxh2 Rh8 36. g4 e5 37. Bg5 f5 38. Bf6 Rh6 39. Bg7 Rh7 40. h6 fxg4 41. Kg3 e4 42. Kxg4 e3 43. Rxc5+ bxc5 44. fxe3 Ke4 45. Kg5 Kxe3 46. Kg6 1/2-1/2